[Event "AUTO-OPEN-1264"]
[Site "http://www.queenalice.com/game.php?id=463340"]
[Date "2008.9.14"]
[Round "1"]
[White "jayuk"]
[Black "alvarogoulart"]
[Result "1/2-1/2"]
[WhiteElo "2039"]
[BlackElo "1749"]

1. e4 e5 2. Qf3 Nf6 3. d3 d6 4. Nh3 Bxh3 5. Qxh3 Nc6 6. Bg5 Nd4 7. Na3 Be7 8. c3
Ne6 9. Be3 d5 10. Nc2 Qd7 11. d4 exd4 12. Nxd4 Nxd4 13. Qxd7+ Nxd7 14. Bxd4 Bf6
15. Bb5 c6 16. Bd3 Bxd4 17. cxd4 dxe4 18. Bxe4 O-O 19. O-O Nf6 20. Bc2 Nd5 21.
h4 Rad8 22. a3 Nf4 23. g3 Ne2+ 24. Kh2 Nxd4 25. Be4 Rfe8 26. Rfe1 Nb3 27. Rad1
Rxd1 28. Rxd1 g6 29. Bf3 h5 30. Rd7 Nc5 31. Rc7 Rb8 32. b4 Ne6 33. Rd7 Kf8 34.
g4 hxg4 35. Bxg4 a6 36. Bxe6 fxe6 37. Kg3 b6 38. Rd6 c5 39. bxc5 bxc5 40. Rc6
Rb3+ 41. Kg4 Rxa3 42. Kg5 Rf3 43. Kxg6 Rxf2 44. Rxc5 Rg2+ 45. Kf6 Rf2+ 46. Kg6
Ke7 47. h5 Rf6+ 48. Kg7 Rf7+ 49. Kg8 Rf6 50. Kg7 1/2-1/2

[Event "AUTO-OPEN-1264"]
[Site "http://www.queenalice.com/game.php?id=463351"]
[Date "2008.9.14"]
[Round "1"]
[White "silverado"]
[Black "jayuk"]
[Result "0-1"]
[WhiteElo "1933"]
[BlackElo "1661"]

1. d4 d5 2. Nf3 Nf6 3. h3 e6 4. Ne5 Bd6 5. a3 Bxe5 6. dxe5 Ne4 7. h4 Nc6 8. Rh3
Nxe5 9. Qd4 f6 10. f3 Nd6 11. e4 dxe4 12. fxe4 O-O 13. Rg3 c5 14. Qe3 Qc7 15.
Nd2 f5 16. Rg5 Ndf7 17. Rg3 f4 18. Qxf4 Nd3+ 19. Bxd3 Qxf4 20. Nf1 Qxh4 21. Bd2
Ne5 22. O-O-O Rxf1 23. Rxg7+ Kxg7 24. Bxf1 a5 25. Re1 b6 26. Bc3 Qf4+ 27. Bd2
Qh2 28. Be3 Ng4 29. Bd2 Bb7 30. Bc3+ Kf7 31. Be2 Bxe4 32. Rf1+ Ke7 33. Bxg4 Qxg2
34. Bf6+ Kd7 0-1

[Event "AUTO-OPEN-1264"]
[Site "http://www.queenalice.com/game.php?id=463352"]
[Date "2008.9.14"]
[Round "1"]
[White "jayuk"]
[Black "silverado"]
[Result "1-0"]
[WhiteElo "1956"]
[BlackElo "1921"]

1. e4 e5 2. Nf3 Nc6 3. Bb5 Qf6 4. Bxc6 dxc6 5. O-O Bd6 6. d4 exd4 7. Qxd4 Qg6 8.
Nh4 Qh5 9. g3 f6 10. Nc3 Qg4 11. Ng2 Be5 12. Qa4 b5 13. Qb4 g5 14. Ne3 Qf3 15.
a4 Bd6 16. Qd4 Bh3 17. axb5 cxb5 18. Nxb5 Bxf1 19. Nxd6+ cxd6 20. Kxf1 Qh1+ 21.
Ke2 Kd7 22. b4 Qxh2 23. c4 h5 24. c5 Ke8 25. Qxd6 Kf7 26. Qc6 Ne7 27. Qd6 Rhd8
28. Qa6 Qh1 29. Qc4+ Kf8 30. c6 g4 31. c7 Rd7 32. Bb2 Qf3+ 33. Ke1 Nc8 34. Qc6
Nb6 35. Qxa8+ Nxa8 36. c8=Q+ Ke7 37. Nd5+ Kd6 38. Qf8+ Kc6 39. Qc5+ Kb7 40.
Qxa7+ Kc6 41. Qa6+ 1-0

[Event "QUEIJO SUIÇO"]
[Site "http://www.queenalice.com/game.php?id=463906"]
[Date "2008.9.16"]
[Round "-"]
[White "perucona"]
[Black "jayuk"]
[Result "0-1"]
[WhiteElo "1440"]
[BlackElo "1956"]

1. e4 e5 2. d4 Qf6 3. Nf3 d6 4. d5 a6 5. Nc3 c6 6. dxc6 Nxc6 7. Bc4 Be6 8. Bxe6
Qxe6 9. O-O Nf6 10. Qd3 Be7 11. Bg5 h6 12. Bxf6 Bxf6 13. Rfd1 Nd4 14. Nxd4 exd4
15. Ne2 O-O 16. Nf4 Qe5 17. Ne2 Rfe8 18. Rd2 Bg5 19. Qxd4 Bxd2 20. Qxe5 Rxe5 21.
Rd1 Ba5 22. Rd3 Rxe4 23. f3 Rxe2 24. Rxd6 Rxc2 25. g4 Re8 26. Rd7 Re1# 0-1

[Event "Challenge"]
[Site "http://www.queenalice.com/game.php?id=464409"]
[Date "2008.9.17"]
[Round "-"]
[White "jayuk"]
[Black "robertot"]
[Result "1-0"]
[WhiteElo "1500"]
[BlackElo "900"]

1. e4 c5 2. Qf3 d6 3. Bc4 Nf6 4. d3 Nc6 5. Bg5 Nd4 6. Qd1 e6 7. c3 Nc6 8. Nf3
Be7 9. Bxf6 Bxf6 10. O-O O-O 11. Bb5 Bd7 12. Na3 a6 13. Bxc6 Bxc6 14. Nc4 b5 15.
Ne3 b4 16. Qb3 bxc3 17. bxc3 Rb8 18. Qa3 Bb5 19. Rfd1 a5 20. Rab1 a4 21. d4 cxd4
22. Nxd4 Bxd4 23. Rxd4 Bd7 24. Rxb8 Qxb8 25. Qxd6 Qxd6 26. Rxd6 Bb5 27. c4 Be8
28. c5 g6 29. c6 Bxc6 30. Rxc6 Rb8 31. Rc4 Rb1+ 32. Nf1 a3 33. Ra4 Re1 34. f3
Kf8 35. Rxa3 1-0

[Event "Challenge"]
[Site "http://www.queenalice.com/game.php?id=469324"]
[Date "2008.9.27"]
[Round "-"]
[White "Urko"]
[Black "jayuk"]
[Result "0-1"]
[WhiteElo "1609"]
[BlackElo "1961"]

1. e4 e5 2. d4 Bb4+ 3. c3 Bd6 4. Nf3 exd4 5. Qxd4 f6 6. Bd3 Nc6 7. Qd5 Nge7 8.
Qh5+ g6 9. Qh6 Ne5 10. Bc2 Nxf3+ 11. gxf3 Bc5 12. Qg7 Rg8 13. Qxh7 d5 14. Rg1 g5
15. e5 fxe5 16. Bxg5 Be6 17. Nd2 Qd7 18. b4 Bb6 19. Qh4 Nf5 20. Qh5+ Qf7 21.
Qxf7+ Kxf7 22. Ke2 a5 23. b5 Rh8 24. Rg2 Rh5 25. f4 e4 26. Nf1 Rh3 27. Ng3 Nxg3+
28. hxg3 Bg4+ 29. Kd2 Bf3 30. Rgg1 Bxf2 31. Rgf1 e3+ 32. Kd3 Be4+ 33. Ke2 Rxg3
34. Bxe4 dxe4 35. Bh4 Rh3 36. Bxf2 exf2 37. Rxf2 Rxc3 38. Rd1 Ke7 39. Rd4 e3 40.
Re4+ Kf6 41. Rxe3 Rc2+ 42. Kf3 Rxf2+ 43. Kxf2 Rh8 44. Kg3 Rh5 45. a4 Rc5 46. Kg4
Rc4 47. Ra3 c5 48. b6 Rb4 49. Rc3 c4 50. f5 Rxa4 51. Kf4 Rb4 52. Kg4 a4 53. Re3
Rxb6 54. Re4 c3 55. Rxa4 c2 56. Rc4 Rc6 57. Rb4 c1=Q 58. Rxb7 Qg5+ 59. Kf3 Qxf5+
60. Ke3 Rc3+ 61. Kd2 Qd3+ 62. Ke1 Rc1+ 63. Kf2 Rc2+ 64. Ke1 Qd2+ 65. Kf1 Rc1#
0-1

[Event "Challenge"]
[Site "http://www.queenalice.com/game.php?id=476839"]
[Date "2008.10.13"]
[Round "-"]
[White "jayuk"]
[Black "attachui"]
[Result "1-0"]
[WhiteElo "2001"]
[BlackElo "1937"]

1. e4 c5 2. d4 cxd4 3. Qxd4 Nc6 4. Qe3 Nf6 5. Nc3 e6 6. Nf3 b6 7. a3 Bc5 8. Qd3
d5 9. exd5 exd5 10. Bg5 Be6 11. b4 Be7 12. Be2 O-O 13. O-O h6 14. Bh4 Qd7 15. b5
Na5 16. Nd4 Rfd8 17. Rfe1 g5 18. Nxe6 Qxe6 19. Bg3 Qd7 20. h4 Nh7 21. Rad1 d4
22. Bf3 Rac8 23. Nd5 Bf8 24. Be4 f5 25. Bxf5 Qxd5 26. Bxh7+ Kh8 27. Be5+ Bg7 28.
Bxg7+ Kxg7 29. Qg6+ Kh8 30. Re7 Rg8 31. Qf6+ 1-0

[Event "Challenge"]
[Site "http://www.queenalice.com/game.php?id=481189"]
[Date "2008.10.22"]
[Round "-"]
[White "bugeyewrx"]
[Black "jayuk"]
[Result "1-0"]
[WhiteElo "1975"]
[BlackElo "1983"]

1. Nf3 Nf6 2. c4 g6 3. Nc3 Bg7 4. e4 c5 5. d4 cxd4 6. Nxd4 O-O 7. Be2 Nc6 8. Be3
a6 9. O-O d6 10. Qd2 Bg4 11. f3 Bd7 12. h3 Nxd4 13. Bxd4 e5 14. Be3 Be6 15. Bg5
Qb6+ 16. Kh1 Nd7 17. Be7 Rfe8 18. Bxd6 Rac8 19. b3 Nc5 20. Bxc5 Qxc5 21. Rad1
Qb4 22. Nd5 Qxd2 23. Rxd2 Kh8 24. a4 Bh6 25. Rc2 a5 26. Rd1 Kg7 27. g3 Rc6 28.
h4 Rd8 29. g4 Kh8 30. g5 Bf8 31. Kg2 Kg7 32. Kg3 h6 33. Rcd2 hxg5 34. hxg5 Bc5
35. f4 exf4+ 36. Nxf4 Rxd2 37. Rxd2 Bb4 38. Rd3 Bd6 39. Kf3 Bxf4 40. Kxf4 Rc8
41. Bg4 Bxg4 42. Kxg4 Re8 43. Kf4 Re7 44. Rd5 f6 45. gxf6+ Kxf6 46. Rxa5 Rh7 47.
e5+ Ke6 48. Rb5 Rh4+ 49. Kg5 Rh7 50. Kxg6 Rc7 51. Kg5 Rg7+ 52. Kf4 Rf7+ 53. Ke4
1-0

[Event "Rematch"]
[Site "http://www.queenalice.com/game.php?id=488572"]
[Date "2008.11.5"]
[Round "-"]
[White "jayuk"]
[Black "attachui"]
[Result "0-1"]
[WhiteElo "2010"]
[BlackElo "2013"]

1. e4 c5 2. Bc4 e6 3. e5 Nc6 4. Nf3 d5 5. exd6 Bxd6 6. O-O Nf6 7. Nc3 O-O 8. d4
cxd4 9. Nb5 Bc5 10. Bg5 a6 11. Bxf6 Qxf6 12. Na3 b5 13. Bd3 Bb7 14. Qe2 Nb4 15.
Be4 Nd5 16. Nb1 Nf4 17. Qe1 Bb4 18. Nbd2 Nd5 19. a3 Ba5 20. b4 Bb6 21. Nb3 Rac8
22. Rd1 e5 23. Bxd5 Bxd5 24. Qxe5 Qxe5 25. Nxe5 Bxb3 26. cxb3 Rfd8 27. h4 f6 28.
Nd3 Rc3 29. a4 Rxb3 30. a5 Ba7 31. Rb1 Rxd3 0-1

[Event "Challenge"]
[Site "http://www.queenalice.com/game.php?id=490848"]
[Date "2008.11.9"]
[Round "-"]
[White "ZUMBI"]
[Black "jayuk"]
[Result "0-1"]
[WhiteElo "1842"]
[BlackElo "1954"]

1. e4 e5 2. Nf3 Nc6 3. Nc3 Nf6 4. Bc4 h6 5. d4 exd4 6. Nxd4 Bb4 7. Be3 Nxe4 8.
O-O Nxc3 9. bxc3 Bxc3 10. Rb1 Bxd4 11. Bxd4 Nxd4 12. Qxd4 O-O 13. Rb3 d6 14. Rf3
Be6 15. Rg3 g5 16. h4 c5 17. Qf4 Bxc4 18. Qxc4 d5 19. Qxc5 Rc8 20. Qxa7 Rxc2 21.
hxg5 hxg5 22. f4 f6 23. Qxb7 Qd6 24. Rh3 Rc7 25. Qb2 gxf4 26. Rh6 Qe5 27. Qf2
Qg5 28. Rh4 f3 29. g3 Rc3 30. a4 Re8 31. a5 Re2 32. Qa7 Qxg3+ 33. Kh1 Qxh4+ 34.
Kg1 Rg2# 0-1

[Event "Challenge"]
[Site "http://www.queenalice.com/game.php?id=490849"]
[Date "2008.11.9"]
[Round "-"]
[White "jayuk"]
[Black "ZUMBI"]
[Result "1-0"]
[WhiteElo "1974"]
[BlackElo "1835"]

1. e4 e5 2. Nf3 Nc6 3. Nc3 Nf6 4. Bc4 Bc5 5. Nd5 Nxe4 6. O-O Nxf2 7. Rxf2 Bxf2+
8. Kxf2 O-O 9. d4 e4 10. Ne5 Qh4+ 11. Kg1 Re8 12. Nxc7 Nxe5 13. dxe5 Rxe5 14.
Nxa8 Rh5 15. Bf4 Qxf4 16. Qxh5 g6 17. Qc5 Qb8 18. Qd5 Kg7 19. Rf1 f5 20. Qf7+
Kh6 21. Qf8+ Kh5 22. Be2+ Kg5 23. h4+ Kxh4 24. Qh6+ Kg3 25. Qg5# 1-0

[Event "Challenge"]
[Site "http://www.queenalice.com/game.php?id=500679"]
[Date "2008.11.30"]
[Round "-"]
[White "jayuk"]
[Black "zdzicho"]
[Result "0-1"]
[WhiteElo "1973"]
[BlackElo "2189"]

1. e4 e6 2. e5 d5 3. d4 c5 4. Nf3 Nc6 5. Bb5 Bd7 6. Bg5 Qb6 7. Nc3 cxd4 8. Bxc6
bxc6 9. Nxd4 Qxb2 10. Bd2 Qb8 11. Bf4 Bb4 12. Qd3 c5 13. Ne2 d4 14. O-O dxc3 15.
Nxc3 Bxc3 16. Qxc3 Qc7 17. h4 Ne7 18. h5 Nd5 19. Qf3 h6 20. c4 Nb6 21. Qg3 O-O-O
22. Qxg7 Bc6 23. f3 Nxc4 24. Rad1 Rdg8 25. Qf6 Nb6 26. Qh4 c4 27. Rc1 Qb7 28.
Kh1 Qa6 29. Rf2 Qa3 30. Bd2 Rd8 31. Qf4 Rh7 32. Be3 Bd5 33. Rfc2 Kb8 34. Rb1 Qd3
35. Rcc1 Rg8 36. Bxb6 axb6 37. Rxb6+ Kc7 38. Rb2 Rg5 39. Qh4 Rhg7 40. Rf2 Kd7
41. Rcc2 Rxg2 42. Rxg2 Qxf3 43. Rf2 Qxg2+ 44. Rxg2 Rxg2 45. Qxc4 Rd2+ 0-1

[Event "Challenge"]
[Site "http://www.queenalice.com/game.php?id=504902"]
[Date "2008.12.9"]
[Round "-"]
[White "DenisDiaz"]
[Black "jayuk"]
[Result "0-1"]
[WhiteElo "1999"]
[BlackElo "1983"]

1. e4 e5 2. Nf3 Nc6 3. Bb5 a6 4. Ba4 b5 5. Bb3 Nd4 6. Nxd4 exd4 7. c3 d3 8. Qf3
Nf6 9. Qxd3 Bd6 10. O-O Ng4 11. h3 Nh6 12. Qc2 Bb7 13. d4 Qh4 14. f4 O-O-O 15.
e5 Be7 16. Qf2 Nf5 17. Nd2 Qxf2+ 18. Rxf2 f6 19. Nf3 Bxf3 20. Rxf3 Nh4 21. Rf2
fxe5 22. fxe5 Ng6 23. g3 h5 24. h4 Nf8 25. Be3 Ne6 26. Raf1 g5 27. Rf7 Rde8 28.
a4 gxh4 29. gxh4 Rhg8+ 30. Kh2 Rg4 31. Bg5 Bxg5 32. hxg5 Rh4+ 33. Kg3 Rg4+ 34.
Kh2 Rh4+ 35. Kg1 Nxg5 36. R7f5 Rg4+ 37. Kh1 Ne4 38. R1f4 Ng3+ 39. Kh2 Nxf5 40.
Rxf5 bxa4 41. Bxa4 Reg8 42. Rxh5 Rg2+ 43. Kh3 Rg1 44. Kh2 R8g2+ 0-1

[Event "Challenge"]
[Site "http://www.queenalice.com/game.php?id=508570"]
[Date "2008.12.16"]
[Round "-"]
[White "REUSKING"]
[Black "jayuk"]
[Result "0-1"]
[WhiteElo "1918"]
[BlackElo "1940"]

1. e4 e5 2. Nf3 Bd6 3. Bc4 Qf6 4. Nc3 Nh6 5. Nd5 Qg6 6. O-O Qxe4 7. d3 Qg6 8.
Re1 c6 9. Nc3 O-O 10. Nxe5 Bxe5 11. Rxe5 d5 12. Bb3 Nf5 13. Re1 Nd4 14. Be3 Bh3
15. g3 Bg4 16. Qc1 Nf3+ 17. Kg2 Qh5 18. h4 Nxh4+ 19. gxh4 Bf3+ 20. Kf1 Qxh4 0-1

[Event "rematch"]
[Site "http://www.queenalice.com/game.php?id=509877"]
[Date "2008.12.19"]
[Round "-"]
[White "jayuk"]
[Black "bugeyewrx"]
[Result "0-1"]
[WhiteElo "1962"]
[BlackElo "1991"]

1. e4 e5 2. Nf3 Nc6 3. d4 exd4 4. Nxd4 Bc5 5. Nxc6 Qf6 6. Qf3 Qxc6 7. Bc4 Bb4+
8. c3 Qxc4 9. cxb4 Qxc1+ 10. Ke2 Qxh1 0-1

[Event "Challenge"]
[Site "http://www.queenalice.com/game.php?id=511120"]
[Date "2008.12.22"]
[Round "-"]
[White "Nille"]
[Black "jayuk"]
[Result "0-1"]
[WhiteElo "1942"]
[BlackElo "1964"]

1. e4 e5 2. Nf3 Qf6 3. Bc4 Bc5 4. O-O Nh6 5. h3 Nc6 6. d3 Nd4 7. Nxd4 Bxd4 8.
Qh5 Qg6 9. Qxg6 hxg6 10. c3 Bb6 11. Be3 Bxe3 12. fxe3 O-O 13. d4 exd4 14. exd4
a5 15. a3 d6 16. Nd2 Bd7 17. Nf3 b5 18. Ba2 Rae8 19. e5 Re7 20. Nh4 Be6 21. exd6
cxd6 22. Bxe6 Rxe6 23. Nf3 a4 24. Rae1 Rfe8 25. Rxe6 Rxe6 26. Kf2 Rf6 27. Ke2
Re6+ 28. Kd3 d5 29. Ne5 Nf5 30. g4 Nd6 31. g5 Nc4 32. Nxf7 Nxb2+ 33. Kc2 Nc4 34.
Nd8 Re8 35. Nc6 Nxa3+ 36. Kd3 Nc4 37. Rb1 Re3+ 38. Kc2 Na3+ 39. Kd2 Re6 0-1

[Event "Challenge"]
[Site "http://www.queenalice.com/game.php?id=515721"]
[Date "2009.1.1"]
[Round "-"]
[White "RichardB"]
[Black "jayuk"]
[Result "1-0"]
[WhiteElo "2029"]
[BlackElo "1993"]

1. d4 d5 2. c4 dxc4 3. Nc3 g6 4. e4 Bg7 5. Be3 e5 6. d5 Nf6 7. Bxc4 O-O 8. Nf3
Nbd7 9. O-O Qe7 10. h3 Nb6 11. Bb3 Bd7 12. a4 Nc8 13. Re1 Nd6 14. Bc5 a6 15. Rc1
b6 16. Ba3 Bh6 17. Rc2 Rfc8 18. g4 Bg7 19. Qc1 h6 20. Kg2 b5 21. axb5 a5 22. g5
Nh5 23. h4 Nf4+ 24. Kh2 hxg5 25. hxg5 Bg4 26. Qe3 Bxf3 27. Qxf3 Qxg5 28. Qg3
Qh5+ 29. Kg1 Nh3+ 30. Kf1 Nf4 31. Re3 a4 32. Nxa4 Nxb5 33. f3 Qh1+ 34. Qg1 Qh3+
35. Ke1 Nd4 36. Rh2 Nxf3+ 37. Rxf3 Qxf3 38. Nc3 Nd3+ 39. Kd2 Rxa3 40. bxa3 Ne1
41. Bc2 Nxc2 42. Kxc2 Ra8 43. Qc5 Qg3 44. Rd2 Bf8 45. Qxc7 Rxa3 46. d6 Ra8 47.
d7 Kg7 48. d8=Q Rxd8 49. Qxd8 Bb4 50. Qd3 Qh4 51. Qf3 Qe7 52. Rd5 f6 53. Qd3 Qe6
54. Rd8 1-0

[Event "Challenge2"]
[Site "http://www.queenalice.com/game.php?id=526588"]
[Date "2009.1.21"]
[Round "-"]
[White "jayuk"]
[Black "Urko"]
[Result "1-0"]
[WhiteElo "2002"]
[BlackElo "1686"]

1. e4 e5 2. Nf3 d6 3. Bb5+ c6 4. Bc4 h6 5. h3 b5 6. Bb3 Nf6 7. d4 exd4 8. Qxd4
c5 9. Qe3 Be7 10. c4 b4 11. Ba4+ Bd7 12. Bxd7+ Nbxd7 13. b3 Ng8 14. a3 Qa5 15.
O-O bxa3 16. Rxa3 Qb6 17. Nc3 Ngf6 18. Rd1 a6 19. Nh4 g6 20. f4 Nh5 21. Nd5 Qb7
22. Nxe7 Kxe7 23. f5 g5 24. f6+ Nhxf6 25. Nf5+ Ke6 26. Rxd6+ Ke5 27. Bb2# 1-0

[Event "Challenge"]
[Site "http://www.queenalice.com/game.php?id=528294"]
[Date "2009.1.24"]
[Round "-"]
[White "jayuk"]
[Black "KLEOJ"]
[Result "1-0"]
[WhiteElo "2006"]
[BlackElo "2105"]

1. e4 e5 2. Nf3 d6 3. Bc4 Qe7 4. O-O Be6 5. Bxe6 Qxe6 6. Nc3 c6 7. d4 Nf6 8. Bg5
Nbd7 9. Bxf6 Nxf6 10. d5 cxd5 11. exd5 Qd7 12. a4 Be7 13. b4 Rc8 14. Qd3 O-O 15.
b5 Rc5 16. Ne4 Nxe4 17. Qxe4 f5 18. Qe3 Rfc8 19. Rfd1 Rc3 20. Qxa7 Rxc2 21. Rab1
Qc7 22. h3 Qc5 23. Qxc5 R8xc5 24. a5 Ra2 25. a6 bxa6 26. b6 Rb5 27. Rxb5 1-0

[Event "AUTO-OPEN-1264"]
[Site "http://www.queenalice.com/game.php?id=534234"]
[Date "2009.2.3"]
[Round "2"]
[White "pomar"]
[Black "jayuk"]
[Result "1-0"]
[WhiteElo "2151"]
[BlackElo "2025"]

1. f3 e5 2. Kf2 Qf6 3. e3 e4 4. Nc3 exf3 5. Qxf3 Qxf3+ 6. Nxf3 Nc6 7. Nb5 Bd6 8.
Nxd6+ cxd6 9. b3 b5 10. Bxb5 a6 11. Bc4 Ne5 12. Bd5 Rb8 13. Bb2 Nf6 14. Nxe5
dxe5 15. Bxe5 Rb5 16. Bxf6 gxf6 17. c4 Rb8 18. Rhf1 Ke7 19. e4 d6 20. h3 Bb7 21.
Bxb7 Rxb7 22. Ke3 h5 23. Rf2 h4 24. Raf1 Rh6 25. d4 a5 26. e5 dxe5 27. dxe5 Ke6
28. exf6 Rb4 29. Kd3 a4 30. Re1+ Kd6 31. Kc3 Rb8 32. b4 Rh5 33. Rd2+ Kc7 34.
Re7+ Kb6 35. Rd6# 1-0

[Event "AUTO-OPEN-1264"]
[Site "http://www.queenalice.com/game.php?id=534235"]
[Date "2009.2.3"]
[Round "2"]
[White "jayuk"]
[Black "pomar"]
[Result "0-1"]
[WhiteElo "2028"]
[BlackElo "2112"]

1. e4 e6 2. e5 d5 3. d4 c5 4. Bb5+ Nc6 5. Nf3 Bd7 6. O-O Nxe5 7. Bxd7+ Nxd7 8.
dxc5 Bxc5 9. a3 Ngf6 10. Bg5 Qb6 11. b4 Bd6 12. Nc3 Rc8 13. Qe1 O-O 14. Rd1 a5
15. bxa5 Qxa5 16. Nxd5 Qxe1 17. Nxf6+ gxf6 18. Rfxe1 Bxa3 19. Be3 Nc5 20. Bxc5
Rxc5 21. Ra1 Bb2 22. Rab1 Rxc2 23. Nd4 Bxd4 24. Red1 Bxf2+ 25. Kf1 b6 26. Rxb6
Bxb6 0-1

[Event "AUTO-OPEN-1264"]
[Site "http://www.queenalice.com/game.php?id=534240"]
[Date "2009.2.3"]
[Round "2"]
[White "PawnOne"]
[Black "jayuk"]
[Result "1-0"]
[WhiteElo "1877"]
[BlackElo "2014"]

1. e4 e5 2. Nf3 Nf6 3. Nxe5 Nxe4 4. Qe2 Be7 5. Qxe4 f6 6. Nf3 O-O 7. Bd3 d5 8.
Qxh7+ Kf7 9. Bg6+ Ke6 10. Bf5+ Kd6 11. d3 Rh8 12. Bf4+ Kc6 13. Nd4+ Kb6 14. Qg6
Bc5 15. Bxc8 Bxd4 16. c3 Qe7+ 17. Kd2 Bxf2 18. Qf5 Nc6 19. Be6 d4 20. c4 Qb4+
21. Kc2 Ne7 22. Bxc7+ Kxc7 23. Qxf2 Qc5 24. Nd2 a5 25. Nb3 Qd6 26. Nxd4 Kd8 27.
Rae1 Re8 28. Nb5 Qb8 29. Qd4+ 1-0

[Event "AUTO-OPEN-1264"]
[Site "http://www.queenalice.com/game.php?id=534241"]
[Date "2009.2.3"]
[Round "2"]
[White "jayuk"]
[Black "PawnOne"]
[Result "1-0"]
[WhiteElo "2015"]
[BlackElo "1865"]

1. e4 e5 2. Nf3 Nc6 3. Bb5 d6 4. O-O Bd7 5. d4 exd4 6. Nxd4 Nf6 7. Nxc6 bxc6 8.
Bd3 Be7 9. Bg5 h6 10. Bxf6 Bxf6 11. c3 O-O 12. Qc2 c5 13. Nd2 Be5 14. f4 Bf6 15.
Nf3 Be6 16. Rad1 g6 17. e5 Bg7 18. f5 Bd7 19. fxg6 Bg4 20. gxf7+ Rxf7 21. h3
Bxf3 22. Rxf3 Rf4 23. Rxf4 1-0